Trends in representation theory of algebras and related topics /

Guardado en:
Autor Corporativo: International Conference on Representations of Algebras Torun, Poland)
Otros Autores: Skowronski, Andrzej. (Editor )
Formato: Libro
Idioma:English
Publicado: Zürich : European Mathematical Society, c2008.
Series:EMS series of congress reports
Etiquetas: Agregar Etiqueta
Sin Etiquetas, Sea el primero en etiquetar este registro!
LEADER 02135nam a22002295a 4500
001 MAT.inmabb006894
008 150929s2008####sz#######b####100#0#eng#d
005 20150929173622.0
245 1 0 |a Trends in representation theory of algebras and related topics /  |c Andrzej Skowronski, editor. 
260 |a Zürich :  |b European Mathematical Society,  |c c2008. 
300 |a xii, 710 p. ;  |c 25 cm. 
490 1 |a EMS series of congress reports 
500 |a Contains fifteen expository survey articles [...] reflecting the topics of some lectures presented during the ICRA XII Workshop and Conference held at Nicolaus Copernicus University, Torun, August 15-24, 2007. 
504 |a Incluye referencias bibliográficas. 
505 0 |a Susumu Ariki, Finite dimensional Hecke algebras -- Grzegorz Bobiński, Christine Riedtmann and Andrzej Skowroński, Semi-invariants of quivers and their zero sets -- Igor Burban and Yuriy Drozd [Yu. A. Drozd], Maximal Cohen-Macaulay modules over surface singularities -- Jon F. Carlson, Rank varieties -- Karin Erdmann and Andrzej Skowroński, Periodic algebras -- Christof Geiss, Bernard Leclerc and Jan Schröer, Preprojective algebras and cluster algebras -- Iain G. Gordon, Symplectic reflection alegebras -- Osamu Iyama, Auslander-Reiten theory revisited -- Peter Jørgensen, Calabi-Yau categories and Poincaré duality spaces -- Stanisław Kasjan, Representation types of algebras from the model theory of view -- Bernhard Keller, Calabi-Yau triangulated categories -- Steffen Koenig, A panorama of diagram algebras -- Helmut Lenzing and José Antonio de la Peña, Spectral analysis of finite dimensional algebras and singularities -- Markus Reineke, Moduli of representations of quivers -- Andrzej Skowroński and Kunio Yamagata, Selfinjective algebras of quasitilted type. 
510 4 |a MR,  |c 2009j:16001 
020 |a 9783037190623 
111 2 |a International Conference on Representations of Algebras  |n (12th :  |d 2007 :  |c Torun, Poland) 
700 1 |a Skowronski, Andrzej.  |4 edt 
830 0 |a EMS series of congress reports 
084 |a 16-06  |2 msc2000 
859 |h 16  |i ICRA-12  |p A-8936  |b BIB. MATEMATICA